000 01497namaa22003251i 4500
005 20260430103951.0
008 260430s1994 ua a|||frm||| 000 0 eng d
040 _aEG-GICUC
_beng
_cEG-GICUC
_dEG-GICUC
_erda
041 0 _aeng
_beng
_bara
049 _aDeposit
097 _aM.Sc
099 _aCai01.09.03.M.Sc.1994.Mo.E
100 0 _aMona Fouad Ali Mohsen,
_epreparation.
245 1 0 _aEffect of Some Manipulative variables on composite glass ionomer bond strength /
_cBy Mona Fouad Ali Mohsen ; Supervisors Dr. Fayez Mohamed Hassan, Dr. Mohamed Mahmoued Abd El Mohsen, Dr. Nahed Galal Bakir
246 1 5 _aتأثير متغيرات بعض طرق التحضير علي قوة الربط بين الحشوة الراتنجية والزجاج الايونوميري
264 0 _c1994.
300 _a57 Leaves
_billustrations
_c30 cm. +
336 _2rda content
_atext
337 _2rdamedia
_aUnmediated
338 _2rdacarrier
_avolume
502 _aThesis (M.Sc.)-Cairo University, 1994
504 _aBibliography: pages 50-57
653 0 _a composite glass ionomer bond strength
700 0 _aFayez Mohamed Hassan
_ethesis advisor.
700 0 _aMohamed Mahmoued Abd El Mohsen
_ethesis advisor.
700 0 _aNahed Galal Bakir
_ethesis advisor.
900 _DDepartment of Operative Dentistry
_FFaculty of Oral and Dental Medicine
_UCairo University
_b1994
_cFayez Mohamed Hassan
_cMohamed Mahmoued Abd El Mohsen
_cNahed Galal Bakir
905 _aNehad
942 _2ddc
_cTH
_e21
_n0
999 _c179848